[Event "Steinfurt Kreisklasse 0607"]
[Site "Germany"]
[Date "2006.11.18"]
[Round "3.6"]
[White "Lueger, Melanie"]
[Black "Jenderaszyjk, Daniel"]
[Result "0-1"]
[WhiteElo "930"]
[BlackElo "898"]
[PlyCount "104"]
[EventDate "2006.09.23"]
[EventType "team-tourn"]
[EventRounds "10"]
[EventCountry "GER"]
[SourceTitle "EXT 2008"]
[Source "ChessBase"]
[SourceDate "2007.11.25"]
[SourceVersion "1"]
[SourceVersionDate "2007.11.25"]
[SourceQuality "1"]
[WhiteTeam "Westerkappeln II"]
[BlackTeam "Emsdetten Rochade IV"]
[WhiteTeamCountry "GER"]
[BlackTeamCountry "GER"]

1. e4 e5 2. Nf3 Nc6 3. d4 d6 4. d5 Bg4 5. dxc6 bxc6 6. h3 Bxf3 7. Qxf3 Qf6 8. Qg3 d5 9. Nc3 g6 10. exd5 cxd5 11. Bb5+ c6 12. Bxc6+ Qxc6 13. Qxe5+ Qe6 14. Qxe6+ fxe6 15. 0-0 Nf6 16. Re1 Bb4 17. Rxe6+ Kf7 18. Rc6 Rhe8 19. Bg5 d4 20. Bxf6 dxc3 21. bxc3 Rac8 22. Ra6 Re6 23. Rxa7+ Kxf6 24. cxb4 h5 25. h4 Rxc2 26. a4 Rb2 27. b5 g5 28. hxg5+ Kxg5 29. Rd1 h4 30. Rd5+ Kg4 31. Rg7+ Kf4 32. Rd4+ Re4 33. Rxe4+ Kxe4 34. Rg4+ Kd3 35. Rxh4 Rb1+ 36. Kh2 Rb2 37. f3 Ke3 38. Rh6 Rb4 39. Ra6 Kf2 40. g3 Kxf3 41. b6 Kg4 42. Kg2 Rb2+ 43. Kf1 Kxg3 44. a5 Kf3 45. Ke1 Ke3 46. Kd1 Kd3 47. Ke1 Ke3 48. Kd1 Kd3 49. Ke1 Ke3 50. Kd1 Rb5 51. Ra7 Kd3 52. b7 Rb1# 0-1